La herencia moral de la filosofía griega

Na minha lista:
Detalhes bibliográficos
Autor principal: Molina Garmendia, Enrique (autor)
Formato: Livro
Idioma:espanhol
Publicado em: Santiago Nascimento 1938
Edição:2a. ed
Assuntos:
Tags: Adicionar Tag
Sem tags, seja o primeiro a adicionar uma tag!

MARC

LEADER 00000cam a2200000 a 4500
001 UCP2515
003 CL-VaPUC
008 990520e19380000CL |||||||||||||||||spa|d
082 0 4 |a 170  |b MOL  |2 21 
100 |a Molina Garmendia, Enrique  |e autor  |9 309095 
245 1 3 |a La herencia moral de la filosofía griega 
250 |a 2a. ed 
300 |a 231 p 
942 |c BK 
945 |d 19990520 00:00:00  |a rbrito 
260 |a Santiago  |b Nascimento  |c 1938 
600 0 |a Sócrates  |9 266368 
600 0 7 |a PLATON  |2 CL-VaPUC  |9 222 
600 0 |a Aristóteles,  |d 384 a.C.- 322 a.C.  |9 194 
650 0 |a Ética  |9 255099 
650 0 |a Filosofía griega  |9 265579 
650 0 |a Filosofía presocrática   |9 345540 
583 |a last modification  |c 20170531 12:24:05  |k Rodrigo Vera 
999 |c 281036  |d 281034 
952 |0 0  |1 0  |4 0  |6 170_000000000000000_MOL_1938  |7 0  |8 P  |9 321645  |a BIBEDU  |b BIBEDU  |c BIBEDU_PB  |d 2019-11-20  |i 3508706  |l 1  |m 2  |o 170 MOL 1938  |p 3508706  |r 2024-01-25  |s 2023-03-20  |w 2019-11-20  |y BK  |k FIL 
952 |0 0  |1 0  |4 0  |6 170_000000000000000_MOL_1938  |7 0  |8 A  |9 321646  |a BIBDER  |b BIBDER  |d 2019-11-20  |i 2123428  |o 170 MOL 1938  |p 2123428  |r 2023-01-25  |w 2019-11-20  |y BK  |k DER